Detalles MARC
| 000 -LÍDER |
| Campo fijo de descripción fija |
01737nam a22003257a 4500 |
| 001 - NÚMERO DE CONTROL |
| Campo de control |
768714001 |
| 003 - IDENTIFICADOR DEL NÚMERO DE CONTROL |
| Campo de control |
CO-MdFUSB |
| 005 - FECHA Y HORA DE LA ULTIMA TRANSACCIÓN |
| control field |
20220622105609.0 |
| 007 - CAMPO FIJO DE DESCRIPCIÓN FIJA--INFORMACIÓN GENERAL |
| Campo fijo de descripción fija |
ta |
| 008 - ELEMENTOS DE LONGITUD FIJA -- INFORMACIÓN GENERAL |
| Campo fijo de descripción fija -- Información general |
220518t2020 -us |||| |||| 00| 0 eng d |
| 020 ## - NÚMERO INTERNACIONAL NORMALIZADO PARA LIBROS |
| Número Internacional Normalizado del libro |
9781783687800 |
| 040 ## - FUENTE DE CATALOGACIÓN |
| Agencia de catalogación original |
CO-MdFUSB |
| Idioma de catalogación |
spa |
| Agencia que realiza la transcripción |
CO-MdFUSB |
| Agencia que realiza la modificación |
CO-MdFUSBC |
| Convenciones de la descripción |
rda |
| 041 ## - CÓDIGO DE IDIOMA |
| Código de idioma para texto/pista de sonido o título separado |
eng |
| 082 ## - NÚMERO DE CLASIFICACIÓN DECIMAL DEWEY |
| Número de la edición del Dewey |
23 |
| Número de clasificación |
226.506 |
| Clave de autor-Numero de item |
K19 |
| 100 ## - ASIENTO PRINCIPAL--NOMBRE PERSONAL |
| Nombre personal |
Katanacho, Yohanna, |
| Término relacionador |
autor |
| 245 ## - TÍTULO |
| Título del Material |
Reading the gospel of John through Palestinian eyes |
| Mención de responsabilidad, etc. |
/ Yohanna Katanacho |
| 264 #1 - PRODUCCIÓN, PUBLICACIÓN, DISTRIBUCIÓN, MANUFACTURA, Y COPYRIGHT |
| Lugar de producción, publicación, distribución, manufactura |
Carlisle: |
| Nombre del productor, publicador, distribuidor |
Langham Preaching Resources, |
| Fecha de producción, publicación, distribución, manufactura, o copyright |
[2020] |
| 264 #4 - PRODUCCIÓN, PUBLICACIÓN, DISTRIBUCIÓN, MANUFACTURA, Y COPYRIGHT |
| Fecha de producción, publicación, distribución, manufactura, o copyright |
© 2020 |
| 300 ## - DESCRIPCIÓN FÍSICA |
| Extensión |
137 páginas |
| Dimensiones |
; 23 cm |
| 336 ## - TIPO DE CONTENIDO |
| Fuente |
rdacontent |
| Término de tipo de contenido |
texto |
| Código de tipo de contenido |
txt |
| 337 ## - TIPO DE MEDIO |
| Fuente |
rdamedia |
| Nombre del tipo de medio |
sin mediación |
| Código del tipo de medio |
n |
| 338 ## - TIPO DE SOPORTE |
| Fuente |
rdacarrier |
| Nombre del tipo de soporte |
volumen |
| Código Tipo de soporte |
nc |
| 505 ## - NOTA DE CONTENIDO |
| Nota de contenido con formato preestablecido |
Un nuevo comienzo -- El signo de las bodas de Caná -- Espacio santo -- Tiempo santo -- Historia santa -- Nación santa --<br/>La tierra santa -- Vida mejor -- Introducción al libro de la hora -- El pueblo de amor -- El pueblo del espíritu -- El pueblo perseguido -- El pueblo de la vid -- El pueblo de la unidad -- El pueblo de la cruz -- El pueblo de la resurrección -- Conclusión. |
| 520 ## - NOTA DE RESUMEN, ETC. |
| Nota de sumario, etc. |
Katanacho demuestra cómo el evangelio de Juan establece una nueva identidad para el pueblo de Dios, una identidad definida no por la raza o la nacionalidad, sino por el sufrimiento y el amor. Con preguntas para la reflexión diseñadas pensando en los predicadores, este libro accesible será de gran ayuda para los cristianos que buscan extraer las hermosas riquezas de la verdad espiritual en este evangelio a menudo complicado". |
| 563 ## - NOTA DE ENCUADERNACIÓN |
| Nota de encuadernación |
Rústico |
| 630 #7 - TITULO UNIFORME |
| Título uniforme |
Biblia. |
| Nombre de parte o sección de la obra |
Juan |
| Subdivisión de materia general |
Crítica, interpretación, etc. |
| 942 ## - TIPO DE MATERIAL (KOHA) |
| Tipo de Item KOHA |
Libros General |
| 945 ## - INFORMACIÓN LOCAL DEL REGISTRO |
| Catalogador |
JTF-925 |